[Event "Gibraltar Masters"]
[Site "Caleta ENG"]
[Date "2011.02.03"]
[Round "10.38"]
[White "Zhu Chen"]
[Black "Estrada Nieto,J"]
[Result "1-0"]
[WhiteElo "2495"]
[BlackElo "2309"]

1.Nf3 d5 2.c4 dxc4 3.Qa4+ Nc6 4.Ne5 Qd6 5.Nxc4 Qb4 6.Qxb4 Nxb4 7.Ne3 Nf6
8.a3 Nbd5 9.Nxd5 Nxd5 10.d4 g6 11.e4 Nb6 12.Nc3 c6 13.a4 a5 14.Be3 Bg7 15.Be2 O-O
16.g4 Rd8 17.O-O-O Bd7 18.b3 Rdc8 19.Kb2 Be8 20.Rc1 e6 21.Ka2 Nd7 22.Rhd1 Bf8
23.h4 Bb4 24.g5 f5 25.gxf6 Nxf6 26.f3 Bf7 27.Kb2 Kf8 28.Bc4 Rd8 29.Ne2 Nh5
30.Rg1 Rab8 31.Nf4 Nxf4 32.Bxf4 Bd6 33.Bh6+ Ke8 34.Bg5 Be7 35.Rgd1 Rd7 36.Be2 Rbd8
37.Bxe7 Kxe7 38.Kc3 Kf6 39.f4 h6 40.e5+ Ke7 41.Rd3 Rf8 42.Rf1 Be8 43.Rg3 Kd8
44.Bd3 h5 45.Be4 Rdf7 46.Rgf3 Rd7 47.Bd3 Kc7 48.Rg3 Kd8 49.Bc4 Re7 50.Kd2 b5
51.Bd3 bxa4 52.bxa4 Rb7 53.Bc2 Rb4 54.Rd3 Ke7 55.Ke3 c5 56.dxc5 Bxa4 57.Bxa4 Rxa4
58.c6 Rd8 59.Rc3 Rb4 60.Rg1 Kf7 61.Rd1 Ke7 62.Rd6 a4 63.Rcd3 Rc8 64.Rd7+ Ke8
65.c7  1-0

[Event "6th Women GP"]
[Site "Doha QAT"]
[Date "2011.02.22"]
[Round "1"]
[White "Fierro Baquero,M"]
[Black "Zhu Chen"]
[Result "1-0"]
[WhiteElo "2353"]
[BlackElo "2495"]

1.c4 e5 2.g3 Nf6 3.Bg2 d5 4.cxd5 Nxd5 5.Nc3 Nb6 6.Nf3 Nc6 7.O-O Be7 8.a3 O-O
9.b4 Be6 10.Rb1 f6 11.d3 Nd4 12.Nd2 Nd5 13.Bb2 Qd7 14.Nxd5 Bxd5 15.Bxd5+ Qxd5
16.Bxd4 Qxd4 17.Qb3+ Kh8 18.Rfc1 c6 19.Rc4 Qd7 20.b5 cxb5 21.Qxb5 Qxb5 22.Rxb5 b6
23.a4 Bd8 24.Rc6 Rf7 25.Rd5 Kg8 26.Nc4 Kf8 27.Kg2 Rb8 28.e4 a6 29.h4 Ra7
30.Rcd6 Ke7 31.Ne3 b5 32.Nf5+ Ke8 33.axb5 axb5 34.Rc6 b4 35.Nd6+ Kd7 36.Rc1 Ra5
37.Rxa5 Bxa5 38.Nc4 Bb6 39.Nxb6+ Rxb6 40.Kf3 b3 41.Ke3 b2 42.Rb1 Kd6 43.Kd2 f5
44.exf5 e4 45.dxe4 Ke5 46.Kd3 Rb3+ 47.Kc4 Rf3 48.Rxb2 Kxe4 49.Rb7 Rxf2 50.Re7+ Kf3
51.Rxg7 h5 52.Kd5 Kg2 53.Ke6 Re2+ 54.Kf7 Ra2 55.Rg5  1-0

[Event "6th Women GP"]
[Site "Doha QAT"]
[Date "2011.02.23"]
[Round "2"]
[White "Zhu Chen"]
[Black "Cramling,P"]
[Result "1/2-1/2"]
[WhiteElo "2495"]
[BlackElo "2516"]

1.d4 Nf6 2.c4 e6 3.Nc3 Bb4 4.Qc2 c5 5.dxc5 Bxc5 6.Nf3 Qb6 7.e3 Qc7 8.Bd3 b6
9.O-O Bb7 10.Nb5 Qd8 11.e4 a6 12.Nbd4 Qc7 13.Qe2 Ng4 14.g3 Nc6 15.Nxc6 Qxc6
16.Bf4 f5 17.Rae1 fxe4 18.Bxe4 Qxe4 19.Qxe4 Bxe4 20.Rxe4 O-O 21.Kg2 Rac8
22.Re2 h6 23.Rd1 Rfd8 24.b3 b5 25.cxb5 axb5 26.Bd6 Bxd6 27.Rxd6 Kf7 28.Nd4 Rb8
29.b4 Nf6 30.a3 Ne8 31.Ra6 Rb7 32.Nb3 Nc7 33.Nc5 Nxa6 34.Nxb7 Rb8 35.Nd6+ Ke7
36.Nf5+ Kf6 37.Nd6 Ke7 38.Nf5+ Kf6 39.Nd6 Ke7  1/2-1/2

[Event "6th Women GP"]
[Site "Doha QAT"]
[Date "2011.02.24"]
[Round "3"]
[White "Stefanova,A"]
[Black "Zhu Chen"]
[Result "0-1"]
[WhiteElo "2546"]
[BlackElo "2495"]

1.Nf3 Nf6 2.c4 g6 3.b4 Bg7 4.Bb2 O-O 5.g3 c6 6.Qb3 d5 7.d3 a5 8.a3 dxc4 9.dxc4 axb4
10.axb4 Rxa1 11.Bxa1 Na6 12.Nfd2 Be6 13.Bc3 b5 14.Bg2 bxc4 15.Nxc4 Nd5 16.Bxg7 Kxg7
17.b5 Nc5 18.Qb2+ Nf6 19.Nba3 cxb5 20.Qxb5 Nd3+ 21.Kf1 Ne5 22.Ne3 Qd6 23.Qb2 Rb8
24.Qa1 Qxa3  0-1

[Event "6th Women GP"]
[Site "Doha QAT"]
[Date "2011.02.25"]
[Round "4"]
[White "Zhu Chen"]
[Black "Sebag,M"]
[Result "0-1"]
[WhiteElo "2495"]
[BlackElo "2489"]

1.d4 d5 2.c4 c6 3.Nc3 Nf6 4.cxd5 cxd5 5.Bf4 Nc6 6.e3 a6 7.Rc1 Bg4 8.f3 Bd7
9.g4 e6 10.h4 Be7 11.h5 O-O 12.Bd3 Ne8 13.Bb1 Bd6 14.Nge2 Bxf4 15.Nxf4 Nd6
16.Rg1 Nc4 17.Ke2 Qg5 18.Ng2 b5 19.b3 Na3 20.Bd3 Nb4 21.Kf2 Nxd3+ 22.Qxd3 f5
23.Ne2 fxg4 24.f4 Qf5 25.Qd2 Rac8 26.Ng3 Rc2 27.Rxc2 Qxc2 28.Qxc2 Nxc2 29.Rc1 Rc8
30.Ne1 Nxe1 31.Rxc8+ Bxc8 32.Kxe1 b4 33.Kf2 Kf7 34.Nh1 a5 35.Kg3 Ba6 36.Nf2 Be2
37.Kh4 Kf6 38.Nxg4+ Bxg4 39.Kxg4 h6 40.Kg3 g6 41.Kg4 gxh5+ 42.Kxh5 Kf5 43.Kxh6 Ke4
44.Kg6 Kxe3 45.Kg5 Ke4 46.Kf6 Kxf4  0-1

[Event "6th Women GP"]
[Site "Doha QAT"]
[Date "2011.02.26"]
[Round "5"]
[White "Chiburdanidze,M"]
[Black "Zhu Chen"]
[Result "1/2-1/2"]
[WhiteElo "2502"]
[BlackElo "2495"]

1.d4 Nf6 2.Nf3 g6 3.c4 Bg7 4.Nc3 d5 5.Bg5 dxc4 6.e3 c5 7.Bxc4 cxd4 8.Nxd4 Qa5
9.Bh4 O-O 10.O-O Bd7 11.Qe2 Nc6 12.Nb3 Qe5 13.Rfd1 Rad8 14.Bg3 Qg5 15.Bf4 Qh4
16.Bg3 Qg5 17.Bf4 Qh4 18.Bg3  1/2-1/2

[Event "6th Women GP"]
[Site "Doha QAT"]
[Date "2011.02.28"]
[Round "6"]
[White "Zhu Chen"]
[Black "Munguntuul,B"]
[Result "0-1"]
[WhiteElo "2495"]
[BlackElo "2410"]

1.d4 Nf6 2.c4 g6 3.Nc3 Bg7 4.e4 d6 5.Nf3 O-O 6.Be2 e5 7.O-O Nbd7 8.Re1 exd4
9.Nxd4 Nc5 10.f3 Re8 11.Be3 Nfd7 12.Qd2 c6 13.b4 Ne6 14.Nb3 g5 15.Rac1 Ndf8
16.Red1 Be5 17.b5 Qf6 18.bxc6 bxc6 19.c5 dxc5 20.Na4 Rd8 21.Qe1 Rxd1 22.Bxd1 c4
23.Na5 c5 24.Nxc4 Bd4 25.e5 Qf4 26.g3 Bxe3+ 27.Qxe3 Qxe3+ 28.Nxe3 Nd7 29.Nc4 Ba6
30.Nd6 Rd8 31.Bb3 Nd4 32.Bxf7+ Kf8 33.Rxc5 Nxe5 34.Bh5 g4 35.Ne4 Ndxf3+ 36.Kf2 Nd3+
37.Ke3 Nxc5 38.Naxc5 Bc8 39.h3 Ne5 40.hxg4 Nxg4+ 41.Kf4 Nh6 42.g4 Kg7 43.g5 Rf8+
44.Ke5 Nf7+ 45.Kd4 Rd8+ 46.Ke3 Ne5 47.Nc3 Nc4+ 48.Ke4 Nd2+ 49.Ke5 Rf8 50.Nb5 Rf5+
51.Kd4 a5 52.Nd6 Rxg5 53.Be8 Bh3 54.Ndb7 Nf3+ 55.Ke4 Re5+ 56.Kxf3 Rxe8 57.Nxa5 Ra8
58.Nab3 Rxa2 59.Kg3 Bc8 60.Nd4 h5 61.Nf3 Kh6 62.Kf4 Rg2 63.Nd3 Bb7 64.Nfe5 h4
65.Nf7+ Kh5 66.Kf5 h3 67.Nf4+  0-1

[Event "6th Women GP"]
[Site "Doha QAT"]
[Date "2011.03.01"]
[Round "7"]
[White "Danielian,E"]
[Black "Zhu Chen"]
[Result "1-0"]
[WhiteElo "2454"]
[BlackElo "2495"]

1.d4 Nf6 2.c4 g6 3.Nc3 Bg7 4.Nf3 O-O 5.Bf4 d6 6.e3 Nh5 7.Bg5 h6 8.Bh4 c5
9.dxc5 g5 10.Nd2 Nf6 11.Bg3 dxc5 12.Be2 Nc6 13.O-O Bf5 14.h3 Rc8 15.Re1 Bg6
16.Bf3 b6 17.Bxc6 Rxc6 18.Qa4 Rc8 19.Nf3 Ra8 20.Ne5 Bh7 21.Rad1 Qc8 22.Nd5 Re8
23.Nc6 Nxd5 24.cxd5 Bxb2 25.e4 Bg7 26.h4 a6 27.hxg5 hxg5 28.Qc4 e6 29.a4 Bf8
30.Qc3 exd5 31.exd5 Be4 32.Ne5 Qf5 33.f3 Bc2 34.Rd2 Bxa4 35.d6 Rad8 36.Qa1 Bb5
37.Ng4 Bg7 38.Be5 Qe6 39.Rdd1 Qg6 40.Bxg7 Rxe1+ 41.Rxe1 f5 42.Nf6+ Kxg7 43.Re7+ Kf8
44.Qe5 f4 45.Rh7 Re8 46.Qe7+  1-0

[Event "6th Women GP"]
[Site "Doha QAT"]
[Date "2011.03.02"]
[Round "8"]
[White "Zhu Chen"]
[Black "Xu Yuhua"]
[Result "1/2-1/2"]
[WhiteElo "2495"]
[BlackElo "2484"]

1.d4 e6 2.c4 Nf6 3.Nc3 Bb4 4.Qc2 O-O 5.Nf3 d5 6.cxd5 exd5 7.Bg5 c6 8.e3 Re8
9.Bd3 h6 10.Bh4 Nbd7 11.O-O Bd6 12.Rab1 a5 13.Rfe1 Qc7 14.a3 Ng4 15.h3 Ngf6
16.e4 dxe4 17.Nxe4 Nxe4 18.Bxe4 Rf8 19.Bh7+ Kh8 20.Bd3 Nb6 21.Ne5 Nd5 22.Bg3 Be6
23.Qe2 Rae8 24.Qe4 f5 25.Ng6+ Kg8 26.Bxd6 Qxd6 27.Qe5 Qxe5 28.Rxe5 Rf6 29.Nh4 Ref8
30.Rbe1 Nf4 31.Bf1 Bd5 32.g3 g5 33.gxf4 gxh4 34.Kh2 Rg6 35.Re7 b5 36.R1e5 a4
37.Rd7 Be4 38.Ree7 Bd5 39.Re5 Be4 40.Ree7 Rff6 41.Rd8+ Rf8 42.Rdd7 Rff6 43.Rd8+ Rf8
44.Rdd7  1/2-1/2

[Event "6th Women GP"]
[Site "Doha QAT"]
[Date "2011.03.03"]
[Round "9"]
[White "Mkrtchian,L"]
[Black "Zhu Chen"]
[Result "1-0"]
[WhiteElo "2475"]
[BlackElo "2495"]

1.c4 Nf6 2.Nc3 g6 3.Nf3 Bg7 4.e4 d6 5.d4 O-O 6.h3 e5 7.d5 Nh5 8.Nh2 Qe8 9.Be2 Nf4
10.Bf3 f5 11.O-O a5 12.Be3 Na6 13.a3 Bd7 14.b3 b6 15.Rb1 Nc5 16.Qc2 Qf7 17.Bxc5 bxc5
18.Kh1 Rfb8 19.Rb2 Ra6 20.Rfb1 Rab6 21.Nf1 Qf6 22.Ng3 Bf8 23.Na2 fxe4 24.Bxe4 Qd8
25.b4 axb4 26.axb4 cxb4 27.Nxb4 Qc8 28.Nc6 Rxb2 29.Rxb2 Rxb2 30.Qxb2 Qa8
31.Kh2 h5 32.Nf1 Kh7 33.Ne3 h4 34.Qb1 Be8 35.Ng4 Nh5 36.Qd1 Kg7 37.Qf3 Qc8
38.Qc3 Kh7 39.Qe3 Nf4 40.g3 hxg3+ 41.fxg3 Nh5 42.Qg5 Kg7 43.Nd8 Qa8 44.Ne6+ Kg8
45.Bxg6 Qa2+ 46.Kg1 Qa1+ 47.Kg2 Qa2+ 48.Nf2 Bxg6 49.Qxg6+ Ng7 50.Ng5  1-0

[Event "6th Women GP"]
[Site "Doha QAT"]
[Date "2011.03.04"]
[Round "10"]
[White "Dzagnidze,N"]
[Black "Zhu Chen"]
[Result "0-1"]
[WhiteElo "2550"]
[BlackElo "2495"]

1.d4 d5 2.c4 c6 3.Nf3 Nf6 4.Qc2 dxc4 5.Qxc4 Bf5 6.g3 e6 7.Bg2 Nbd7 8.Nc3 Be7
9.O-O O-O 10.Qb3 Qb6 11.Nd2 e5 12.e4 exd4 13.exf5 dxc3 14.bxc3 Bc5 15.Nc4 Qa6
16.Bf4 Nd5 17.Rad1 N7b6 18.Ne5 Nxf4 19.gxf4 Qa3 20.Rfe1 Rae8 21.Bf3 Qxb3
22.axb3 f6 23.Nd3 Rxe1+ 24.Rxe1 Bd6 25.c4 Nc8 26.c5 Be7 27.b4 Rd8 28.Re3 a6
29.Kf1 Kf8 30.Nb2 Rd4 31.Nd3 Bd8 32.Bh5 Ne7 33.Ke2 Bc7 34.Re6 Bxf4 35.Nxf4 Rxf4
36.Rd6 Nxf5 37.Rd8+ Ke7 38.Re8+ Kd7 39.Rh8 h6 40.h3 Ne7 41.Rh7 Rh4 42.Bf3 g6
43.Kf1 Rxb4 44.Rxh6 Rc4 45.h4 f5 46.h5 gxh5 47.Rd6+ Kc7 48.Re6 Nd5  0-1

[Event "6th Women GP"]
[Site "Doha QAT"]
[Date "2011.03.05"]
[Round "11"]
[White "Zhu Chen"]
[Black "Koneru,H"]
[Result "0-1"]
[WhiteElo "2495"]
[BlackElo "2607"]

1.d4 Nf6 2.c4 c5 3.d5 e6 4.Nc3 exd5 5.cxd5 Bd6 6.Nf3 Bc7 7.e4 d6 8.h3 O-O
9.Bd3 a6 10.a4 Re8 11.O-O Nbd7 12.Bf4 Nf8 13.Nd2 Ng6 14.Bg3 Ne5 15.Bc2 Bd7
16.f4 Ng6 17.f5 Ne5 18.Bh4 Ba5 19.Ne2 Bxd2 20.Qxd2 Nxe4 21.Qf4 Nf6 22.Nc3 Nh5
23.Qf2 Qb6 24.Ra3 Qb4 25.Rb3 Qd4 26.Rb6 Nc4 27.Rxb7 Bc8 28.Re7 Rxe7 29.Bxe7 Ng3
30.Qxd4 cxd4 31.Rf3 Bxf5 32.Bxf5 Nxf5 33.Rxf5 dxc3 34.bxc3 f6 35.Rf4 Rc8
36.Re4 Rc5 37.Kf2 Kf7 38.Bd8 Ne5 39.Ke2 Ke8 40.Bb6 Rxc3 41.Rb4 Rc2+ 42.Kf1 Nc4
43.Kg1 Kf7 44.Bf2 Kg6 45.g4 a5 46.Rb7 Ra2 47.h4 Rxa4 48.h5+ Kh6 49.Rc7 Ne5  0-1

[Event "1st Hangzhou WGM"]
[Site "Hangzhou CHN"]
[Date "2011.07.14"]
[Round "1"]
[White "Zhu Chen"]
[Black "Zatonskih,A"]
[Result "1/2-1/2"]
[WhiteElo "2485"]
[BlackElo "2522"]

1.d4 d5 2.c4 e6 3.Nc3 Be7 4.Nf3 Nf6 5.Qc2 c5 6.dxc5 d4 7.Nb5 e5 8.Nxe5 a6
9.Nd6+ Bxd6 10.cxd6 Qa5+ 11.Qd2 Qxe5 12.Qf4 Qc5 13.e3 Nc6 14.exd4 Nxd4 15.Bd3 Ne6
16.Qg3 Nh5 17.Qf3 Qxd6 18.O-O Nhf4 19.Be4 O-O 20.Re1 Qc7 21.h4 f5 22.Bd5 Nxd5
23.cxd5 Nd4 24.Qd1 Nc2 25.Bf4 Qxf4 26.Qxc2 Qxh4 27.d6 Qb4 28.Qc7 Qxb2 29.Rad1 f4
30.d7 Bxd7 31.Rxd7 Rae8 32.Ree7 Rxe7 33.Rxe7 f3 34.Qc4+ Kh8 35.Qf7 Qf6 36.Qxf6 gxf6
37.Rxb7 Rc8 38.gxf3 Rc2 39.a4 Rc4 40.Rb6 Rxa4 41.Rxf6 Kg7 42.Rb6 a5 43.Ra6 h5
44.Kg2 Ra1 45.Ra7+ Kf6 46.Ra6+ Kg5 47.Ra8 Ra4 48.Kh3 Ra3 49.Kg2 h4 50.Rg8+ Kh5
51.Rh8+ Kg5 52.Rg8+ Kh5 53.Rh8+ Kg5  1/2-1/2

[Event "1st Hangzhou WGM"]
[Site "Hangzhou CHN"]
[Date "2011.07.15"]
[Round "2"]
[White "Zhao Xue"]
[Black "Zhu Chen"]
[Result "1-0"]
[WhiteElo "2470"]
[BlackElo "2485"]

1.d4 Nf6 2.c4 g6 3.Nc3 d5 4.cxd5 Nxd5 5.e4 Nxc3 6.bxc3 Bg7 7.Bc4 O-O 8.Ne2 c5
9.O-O Qc7 10.Bf4 Qd7 11.Rb1 cxd4 12.cxd4 b6 13.Qd3 Nc6 14.Bb5 a6 15.Bxc6 Qxc6
16.Rfc1 Qa4 17.Rc4 Qxa2 18.Nc3 Qa5 19.Bc7 Qg5 20.Nd5 Bd7 21.Bf4 Qh4 22.Qe3 Bb5
23.Rc7 Rfe8 24.h3 h6 25.Bg3 Qg5 26.f4 Qh5 27.Nxe7+ Kf8 28.Bf2 Rxe7 29.Qa3 Kg8
30.Qxe7 Rf8 31.Re1 g5 32.f5 Re8 33.Qd6 g4 34.Qg3 Qg5 35.hxg4 Qd2 36.e5 Rd8
37.Qb3 Rf8 38.f6 Bh8 39.Rec1 Qf4 40.Be3 Qxg4 41.Bf2 Qf5 42.R1c3 Be2 43.Rg3+ Bg4
44.Be3  1-0

[Event "1st Hangzhou WGM"]
[Site "Hangzhou CHN"]
[Date "2011.07.16"]
[Round "3"]
[White "Zhu Chen"]
[Black "Kosintseva,N"]
[Result "0-1"]
[WhiteElo "2485"]
[BlackElo "2560"]

1.d4 Nf6 2.c4 e6 3.Nc3 Bb4 4.Qc2 O-O 5.Nf3 c5 6.dxc5 Na6 7.c6 bxc6 8.g3 d5
9.a3 Bd6 10.e4 Nxe4 11.Nxe4 dxe4 12.Qxe4 Nc5 13.Qc2 e5 14.b4 Qf6 15.Nh4 Ne6
16.Qe4 Nd4 17.Bd3 g6 18.Bb2 Bf5 19.Qe3 Bxd3 20.Qxd3 c5 21.Bxd4 exd4 22.bxc5 Rfe8+
23.Kf1 Re3 24.Qd1 Bxc5 25.Kg2 Qc6+ 26.Nf3 Rc3 27.Rb1 Rxa3 28.Rb3 Rxb3 29.Qxb3 a5
30.Ra1 a4 31.Qb5 Qxb5 32.cxb5 a3 33.Ne5 Ra5 34.b6 Rb5 35.Nc4 Rb3 36.b7 Rxb7
37.Nxa3 Ra7 38.Nc2 d3 39.Rxa7 dxc2 40.Ra1 Ba3 41.Rxa3 c1=Q 42.Re3 f5 43.Re7 Qc5
44.Re3 Kf7 45.h4 Kf6 46.Kh2 Qc1 47.Kg2 Qd1 48.Re8 Qd5+ 49.Kg1 Qc6 50.Rh8 Qd7
51.Rb8 Ke5 52.Rb4 Qd5 53.Rb8 Ke4 54.Re8+ Kf3 55.Re3+ Kg4 56.Kh2 Qd2 57.Kg2 h6
58.Ra3 g5 59.hxg5 hxg5 60.Ra7 Qd5+ 61.Kg1 Qc5  0-1

[Event "1st Hangzhou WGM"]
[Site "Hangzhou CHN"]
[Date "2011.07.17"]
[Round "4"]
[White "Hou Yifan"]
[Black "Zhu Chen"]
[Result "1/2-1/2"]
[WhiteElo "2575"]
[BlackElo "2485"]

1.e4 e6 2.d4 d5 3.Nd2 c5 4.exd5 Qxd5 5.dxc5 Qxc5 6.Ngf3 Nf6 7.Bd3 Be7 8.Qe2 Nbd7
9.O-O Qc7 10.c3 O-O 11.Ne4 b6 12.Bg5 Bb7 13.Bh4 Rfe8 14.Bg3 e5 15.Rad1 Rad8
16.Rfe1 g6 17.Nxf6+ Bxf6 18.Bb5 Re6 19.Nd2 a6 20.Bc4 Rd6 21.Ne4 Bxe4 22.Qxe4 Nc5
23.Qf3 Rxd1 24.Rxd1 Rxd1+ 25.Qxd1 b5 26.Bd5 Kg7 27.f3 Na4 28.Qb3 Nxb2 29.Bxf7 Na4
30.Be6 Nxc3 31.Kf1 a5 32.a3 Be7 33.Bg8 Bf6 34.Be6 a4 35.Qc2 Qc5 36.Be1 e4
37.Bxc3 Qxc3 38.Qxc3 Bxc3 39.fxe4 b4 40.axb4 Bxb4 41.Ke2 Bd6 42.e5 Bxe5 43.h3 Kf6
44.Bg8 Bd6 45.Kd3 h6 46.Kc2 Ke5 47.Kb2 Kf4 48.Bf7 g5 49.Bd5 a3+ 50.Ka2 Ke5
51.Bf3 Kf4 52.Bd5 Ke5 53.Bf3  1/2-1/2

[Event "1st Hangzhou WGM"]
[Site "Hangzhou CHN"]
[Date "2011.07.18"]
[Round "5"]
[White "Zhu Chen"]
[Black "Sebag,M"]
[Result "1-0"]
[WhiteElo "2485"]
[BlackElo "2510"]

1.d4 d5 2.c4 c6 3.Nf3 Nf6 4.Nc3 dxc4 5.a4 Bf5 6.Ne5 Nbd7 7.Nxc4 Qc7 8.g3 e5
9.dxe5 Nxe5 10.Bf4 Nfd7 11.Bg2 g5 12.Ne3 gxf4 13.Nxf5 O-O-O 14.Qc2 Nc5 15.O-O fxg3
16.hxg3 a5 17.Rad1 h5 18.Rxd8+ Qxd8 19.Rd1 Qf6 20.Ne4 Nxe4 21.Qxe4 Bc5 22.Qf4 Kb8
23.Bh3 Ka7 24.Kg2 Rg8 25.Qd2 Bb6 26.Qc3 Ng4 27.Bxg4 Qxc3 28.bxc3 Rxg4 29.f4 Rg8
30.Rd7 Rd8 31.Rxf7 Rd2 32.Re7 Rc2 33.Ng7 Rxc3 34.f5 Bc5 35.f6 Rc4 36.Re5 Bd6
37.Nf5 Bxe5 38.f7 h4 39.f8=Q Bxg3 40.Nxg3 hxg3 41.Qa3 Rg4 42.Qb3 Re4 43.e3 Rg4
44.Qd1 Re4 45.Qc2 Rg4 46.e4 Rg5 47.Qd2  1-0

[Event "1st Hangzhou WGM"]
[Site "Hangzhou CHN"]
[Date "2011.07.20"]
[Round "6"]
[White "Harika,D"]
[Black "Zhu Chen"]
[Result "1-0"]
[WhiteElo "2513"]
[BlackElo "2485"]

1.d4 d5 2.c4 e6 3.Nc3 c6 4.e4 dxe4 5.Nxe4 Bb4+ 6.Bd2 Qxd4 7.Bxb4 Qxe4+ 8.Be2 Na6
9.Ba5 b6 10.Qd6 Bd7 11.Bc3 f6 12.Nf3 Ne7 13.O-O-O Qxe2 14.Qxd7+ Kf7 15.Rhe1 Qxc4
16.Re3 Rhe8 17.b3 Qg4 18.h3 Qg6 19.Qxe6+ Kf8 20.Ne5  1-0

[Event "1st Hangzhou WGM"]
[Site "Hangzhou CHN"]
[Date "2011.07.21"]
[Round "7"]
[White "Zhu Chen"]
[Black "Dzagnidze,N"]
[Result "1-0"]
[WhiteElo "2485"]
[BlackElo "2537"]

1.d4 Nf6 2.c4 e6 3.Nc3 d5 4.cxd5 exd5 5.Bg5 Be7 6.e3 c6 7.Bd3 O-O 8.Nge2 Nbd7
9.Qc2 Re8 10.Bh4 Ne4 11.Bg3 Ndf6 12.O-O-O Bf5 13.f3 Nxc3 14.Nxc3 Bxd3 15.Qxd3 c5
16.dxc5 Bxc5 17.Bf2 Qb6 18.Rhe1 Bb4 19.Kb1 Rac8 20.Rc1 Rc6 21.Red1 Bxc3 22.Rxc3 Qc7
23.Bg3 Qa5 24.Rb3 Re7 25.Bh4 Rd7 26.Bxf6 gxf6 27.a3 Qc7 28.Qf5 Qd6 29.Rd4 Qe6
30.Rg4+ Kh8 31.Qf4 Rc8 32.Rc3 Rg8 33.Rxg8+ Kxg8 34.Rc8+ Kg7 35.Qg3+ Kh6 36.Rg8 Qf5+
37.e4  1-0

[Event "1st Hangzhou WGM"]
[Site "Hangzhou CHN"]
[Date "2011.07.22"]
[Round "8"]
[White "Zhu Chen"]
[Black "Kosintseva,T"]
[Result "1-0"]
[WhiteElo "2485"]
[BlackElo "2557"]

1.d4 Nf6 2.c4 e6 3.Nc3 Bb4 4.Qc2 O-O 5.a3 Bxc3+ 6.Qxc3 d5 7.Bg5 c5 8.dxc5 d4
9.Qc2 e5 10.e3 h6 11.Bh4 Qe7 12.O-O-O Nc6 13.Ne2 dxe3 14.Rd6 Be6 15.fxe3 Rfd8
16.Bxf6 Qxf6 17.Nc3 Qg5 18.Qe4 Rxd6 19.cxd6 Rd8 20.h4 Qg3 21.c5 f5 22.Qf3 Qe1+
23.Kc2 f4 24.Bc4 Qxh1 25.Bxe6+ Kh8 26.Bd5 Qxh4 27.Bxc6 bxc6 28.exf4 exf4
29.b4 Rf8 30.Qxc6 Qf6 31.Qd5 Rd8 32.d7 Qg6+ 33.Kb3 Qf6 34.c6  1-0

[Event "1st Hangzhou WGM"]
[Site "Hangzhou CHN"]
[Date "2011.07.23"]
[Round "9"]
[White "Ju Wenjun"]
[Black "Zhu Chen"]
[Result "1/2-1/2"]
[WhiteElo "2515"]
[BlackElo "2485"]

1.d4 Nf6 2.c4 g6 3.g3 Bg7 4.Bg2 d5 5.cxd5 Nxd5 6.e4 Nb6 7.Ne2 c5 8.d5 e6
9.O-O O-O 10.Nec3 exd5 11.exd5 Na6 12.a4 Bf5 13.g4 Bd7 14.Ne4 Nc4 15.Nbc3 Ne5
16.g5 Bg4 17.f3 Bf5 18.Kh1 c4 19.b3 Qa5 20.Ba3 Rfc8 21.Be7 Nd7 22.Rc1 cxb3
23.Qxb3 Nac5 24.Qb5 Qxb5 25.Nxb5 Nd3 26.Rxc8+ Rxc8 27.f4 Rc2 28.Nf6+ Bxf6
29.gxf6 Nf2+ 30.Kg1 Nh3+ 31.Kh1 Nf2+ 32.Kg1 Nh3+ 33.Kh1 Nf2+  1/2-1/2

[Event "Shenzhen WGP 2011"]
[Site "Shenzhen CHN"]
[Date "2011.09.07"]
[Round "1"]
[White "Yildiz,B"]
[Black "Zhu Chen"]
[Result "1/2-1/2"]
[WhiteElo "2308"]
[BlackElo "2490"]

1.e4 e6 2.d4 d5 3.Nd2 c5 4.exd5 Qxd5 5.dxc5 Nf6 6.Ngf3 Qxc5 7.Bd3 Nbd7 8.O-O Be7
9.a3 Qc7 10.Qe2 O-O 11.Ne4 b6 12.Bg5 Bb7 13.Bh4 Ne5 14.Nxe5 Qxe5 15.Nxf6+ Bxf6
16.Bxf6 Qxf6 17.c3 Rad8 18.Rad1 g6 19.Be4 Qe5 20.Bf3 Qxe2 21.Bxe2 Be4 22.Rxd8 Rxd8
23.Rd1 Rxd1+ 24.Bxd1 Kf8 25.f3 Bc6 26.Kf2 Ke7 27.Ke3 g5 28.g3 Kd6 29.Be2 h6
30.Bd3 a5 31.b4 f6 32.Be2 Bd7 33.Bd3 Bc6 34.Be2 Bd7 35.Bd3 Bc6 36.Be2  1/2-1/2

[Event "Shenzhen WGP 2011"]
[Site "Shenzhen CHN"]
[Date "2011.09.08"]
[Round "2"]
[White "Zhu Chen"]
[Black "Ruan Lufei"]
[Result "1/2-1/2"]
[WhiteElo "2490"]
[BlackElo "2477"]

1.c4 e5 2.g3 Nf6 3.Bg2 d5 4.cxd5 Nxd5 5.Nf3 Nc6 6.O-O Be7 7.d4 exd4 8.Nxd4 Nxd4
9.Qxd4 Nf6 10.Qa4+ Qd7 11.Qc2 c6 12.Rd1 Qe6 13.Nc3 O-O 14.e4 Qe5 15.h3 Be6
16.Bf4 Qa5 17.Ne2 Rad8 18.Nd4 Qc5 19.Qxc5 Bxc5 20.Nxe6 fxe6 21.Rxd8 Rxd8
22.Bf3 Kf7 23.e5 Nd5 24.Rd1 Be7 25.Bd2 Nb6 26.b3 Bc5 27.Kg2 Rd4 28.Bc1 Rxd1
29.Bxd1 Nd5 30.a4 Bd4 31.f4 Ne3+ 32.Bxe3 Bxe3 33.Kf3 Bc5 34.Ke4 g6 35.g4 Ke7
36.Be2 a5 37.Kf3 Bb4 38.Bd3 Be1 39.Ke2 Bg3 40.Kf3 Be1 41.Ke2 Bg3  1/2-1/2

[Event "Shenzhen WGP 2011"]
[Site "Shenzhen CHN"]
[Date "2011.09.09"]
[Round "3"]
[White "Zhao Xue"]
[Black "Zhu Chen"]
[Result "1/2-1/2"]
[WhiteElo "2497"]
[BlackElo "2490"]

1.d4 Nf6 2.c4 g6 3.Nc3 d5 4.cxd5 Nxd5 5.e4 Nxc3 6.bxc3 Bg7 7.Bc4 O-O 8.Ne2 c5
9.O-O Nc6 10.Be3 Qc7 11.Rb1 Rd8 12.Bf4 Be5 13.Bxe5 Nxe5 14.Bb3 b6 15.Nf4 e6
16.Qd2 Ba6 17.Rfd1 Nc4 18.Qc1 cxd4 19.cxd4 Rac8 20.Nh3 Kg7 21.e5 Qe7 22.Qf4 h6
23.Rbc1 Nb2 24.Rxc8 Rxc8 25.Rb1 Nd3 26.Qe3 Rc3 27.Nf4 Qg5 28.Nxd3 Qxe3 29.fxe3 Bxd3
30.Rb2 b5 31.d5 exd5 32.Bxd5 a5 33.Kf2 b4 34.e4 Bc2 35.Ke2 Kf8 36.Kd2 Ba4
37.Rb1 Rc2+ 38.Ke3 Bb5 39.g3 Rxh2 40.a3 Re2+ 41.Kd4 Rg2 42.axb4 axb4 43.Rxb4 Be8
44.Rb8 Ke7 45.Rb7+ Kf8 46.Rb8 Ke7 47.Rb7+ Kf8 48.Rb8  1/2-1/2

[Event "Shenzhen WGP 2011"]
[Site "Shenzhen CHN"]
[Date "2011.09.10"]
[Round "4"]
[White "Zhu Chen"]
[Black "Ju Wenjun"]
[Result "0-1"]
[WhiteElo "2490"]
[BlackElo "2536"]

1.d4 Nf6 2.Nf3 g6 3.c4 Bg7 4.Nc3 O-O 5.e4 d6 6.Be2 e5 7.O-O Nc6 8.d5 Ne7
9.Ne1 Nd7 10.Nd3 f5 11.f3 f4 12.Bd2 g5 13.Rc1 Ng6 14.c5 Nf6 15.Nb5 Rf7 16.Ba5 b6
17.cxd6 cxd6 18.Be1 a6 19.Nc3 a5 20.Bf2 Bf8 21.b4 h5 22.Nb5 g4 23.Rc6 Rb7
24.Qc2 Ne8 25.Rc1 Bd7 26.a4 axb4 27.Kh1 Kh8 28.Nxb4 g3 29.Bg1 gxh2 30.Bf2 h4
31.Bf1 Qg5 32.Rxb6 Rxb6 33.Bxb6 h3 34.Nc6 Nh4 35.a5 Nf6 36.Qf2 hxg2+ 37.Bxg2 Nh5
38.Nc7 Ng3+ 39.Kxh2 Qh5 40.Kg1 Bh3 41.Nxa8 Bxg2 42.Qxg2 Nxf3+ 43.Kf2 Nxe4+
44.Kf1 Nfd2+ 45.Kg1 Ng5 46.Rc3 Qd1+ 47.Kh2 Nf1+ 48.Kh1 Ne3+  0-1

[Event "Shenzhen WGP 2011"]
[Site "Shenzhen CHN"]
[Date "2011.09.12"]
[Round "5"]
[White "Hou Yifan"]
[Black "Zhu Chen"]
[Result "1/2-1/2"]
[WhiteElo "2578"]
[BlackElo "2490"]

1.e4 e6 2.d4 d5 3.Nc3 Nf6 4.e5 Nfd7 5.f4 c5 6.Nf3 Nc6 7.Be3 cxd4 8.Nxd4 Bc5
9.Qd2 Nxd4 10.Bxd4 Bxd4 11.Qxd4 Qb6 12.Nb5 Qxd4 13.Nxd4 Ke7 14.Bd3 Nc5 15.Kd2 Bd7
16.c3 Rag8 17.g4 h5 18.h3 f6 19.Bc2 fxe5 20.fxe5 Be8 21.Ke3 Nd7 22.Nf3 Nf8
23.Rag1 hxg4 24.Rxg4 Nd7 25.h4 g5 26.Rhg1 Bh5 27.Rxg5 Rxg5 28.hxg5 Bxf3 29.Kxf3 Rf8+
30.Kg3 Nxe5 31.Rg2 Rf3+ 32.Kh4 Kf7 33.Re2 Nc4 34.Kg4 Rf1 35.b3 Rg1+ 36.Kf4 e5+
37.Kf5 Rf1+ 38.Kg4 Rg1+ 39.Kh4 Rh1+ 40.Kg3 Na3 41.Bf5 Rg1+ 42.Kh4 Rh1+ 43.Bh3 Nb5
44.Rxe5 Nxc3 45.Kg3 d4 46.Bf5 Rg1+ 47.Kf4 Rf1+ 48.Kg4 Rg1+ 49.Kf4 Rf1+ 50.Kg4 Rg1+  1/2-1/2

[Event "Shenzhen WGP 2011"]
[Site "Shenzhen CHN"]
[Date "2011.09.13"]
[Round "6"]
[White "Zhu Chen"]
[Black "Danielian,E"]
[Result "1-0"]
[WhiteElo "2490"]
[BlackElo "2517"]

1.d4 d5 2.c4 c6 3.Nf3 Nf6 4.Nc3 dxc4 5.a4 Bf5 6.Ne5 Nbd7 7.Nxc4 Qc7 8.g3 e5
9.dxe5 Nxe5 10.Bf4 Nfd7 11.Bg2 g5 12.Ne3 gxf4 13.Nxf5 O-O-O 14.Qc2 fxg3 15.hxg3 Kb8
16.O-O h5 17.Rfc1 Nf6 18.a5 a6 19.Ra4 Ng6 20.e3 h4 21.gxh4 Qe5 22.Ne2 Nd5
23.Ned4 Qf6 24.Qb3 Ka8 25.Rac4 Ne5 26.Rxc6 Nxc6 27.Nxc6 bxc6 28.Nd4 Qg6 29.Rxc6 Qb1+
30.Kh2 Bd6+ 31.Rxd6 Rxh4+ 32.Kg3 Rg8+ 33.Kf3 Rh3+ 34.Bxh3 Qh1+ 35.Ke2 Nc7
36.Qxf7 Rb8 37.Qxc7  1-0

[Event "Shenzhen WGP 2011"]
[Site "Shenzhen CHN"]
[Date "2011.09.14"]
[Round "7"]
[White "Muzychuk,A"]
[Black "Zhu Chen"]
[Result "1/2-1/2"]
[WhiteElo "2545"]
[BlackElo "2490"]

1.e4 e6 2.d4 d5 3.Nd2 c5 4.Ngf3 cxd4 5.Nxd4 Nc6 6.Bb5 Bd7 7.Nxc6 Bxc6 8.Bxc6+ bxc6
9.c4 dxe4 10.Nxe4 Bb4+ 11.Bd2 Bxd2+ 12.Qxd2 Qxd2+ 13.Kxd2 Nf6 14.Nxf6+ gxf6
15.Kc3 O-O-O 16.Rad1 Rhg8 17.g3 f5 18.b4 Kc7 19.a4 a6 20.a5 h5 21.Rhe1 Rh8
22.Rd4 Rxd4 23.Kxd4 Rd8+ 24.Kc3 Rd7 25.h3 Rd8 26.Re3 Rd1 27.Rf3 c5 28.bxc5 Ra1
29.Kb4 Kc6 30.g4 Rb1+ 31.Kc3 hxg4 32.hxg4 Kxc5 33.gxf5 Rc1+ 34.Kb3 e5 35.Rd3 Rxc4
36.Rd7 Rf4 37.Rxf7 Kb5 38.f6 Rf3+ 39.Kc2 Rxf2+ 40.Kd3 Rf4 41.Rf8 Kxa5 42.f7 Rd4+
43.Kc3 Rf4 44.Kd3 Rd4+ 45.Kc3 Rf4  1/2-1/2

[Event "Shenzhen WGP 2011"]
[Site "Shenzhen CHN"]
[Date "2011.09.15"]
[Round "8"]
[White "Zhu Chen"]
[Black "Kovalevskaya,E"]
[Result "1/2-1/2"]
[WhiteElo "2490"]
[BlackElo "2421"]

1.d4 d5 2.c4 e6 3.Nf3 c5 4.cxd5 exd5 5.Nc3 Nc6 6.g3 Nf6 7.Bg2 Be7 8.O-O O-O
9.dxc5 d4 10.Na4 Bf5 11.b4 d3 12.Ba3 dxe2 13.Qxe2 Bd3 14.Qb2 Bxf1 15.Rxf1 b5
16.Nc3 a5 17.Nh4 axb4 18.Bxb4 Nxb4 19.Bxa8 Bxc5 20.Ne4 Nxe4 21.Bxe4 Qd4 22.Qxd4 Bxd4
23.Nf5 Bf6 24.a3 Na2 25.Nd6 Nc3 26.Re1 Bd4 27.Bc6 Bc5 28.Nxb5 Nxb5 29.Bxb5 Bxa3  1/2-1/2